[Event "Niedersachsen-ch op-A"]
[Site "Verden an der Aller"]
[Date "2020.01.02"]
[Round "2"]
[White "Schoengart, Ralf"]
[Black "Rossberg, Jonathan"]
[Result "1-0"]
[WhiteElo "2095"]
[BlackElo "1834"]
[PlyCount "45"]
[EventDate "2020.01.02"]
[EventType "swiss"]
[EventRounds "7"]
[EventCountry "GER"]
[SourceTitle "EXT 2023"]
[Source "ChessBase"]
[SourceDate "2022.10.05"]
[SourceVersion "1"]
[SourceVersionDate "2022.10.05"]
[SourceQuality "1"]

1. d4 Nf6 2. c4 g6 3. Nc3 d5 4. Bf4 Bg7 5. e3 0-0 6. cxd5 Nxd5 7. Nxd5 Qxd5 8. Bxc7 Na6 9. Bxa6 Qxg2 10. Qf3 Qxf3 11. Nxf3 bxa6 12. Rc1 Bb7 13. Ke2 f5 14. Rhg1 Rac8 15. Rc3 e6 16. Rgc1 f4 17. Ng5 f3+ 18. Kd3 Rce8 19. Bd6 Rf5 20. Rc7 Ba8 21. Rc8 Rff8 22. Bxf8 Rxf8 23. Nxe6 1-0

[Event "Daehne Cup Region Niedersachsen 18/19"]
[Site "Lehrte"]
[Date "2018.09.15"]
[Round "1"]
[White "Sueling, Robert"]
[Black "Schoengart, Ralf"]
[Result "1-0"]
[WhiteElo "1958"]
[BlackElo "2063"]
[PlyCount "23"]
[EventDate "2018.09.15"]
[EventType "k.o."]
[EventRounds "3"]
[EventCountry "GER"]
[SourceTitle "EXT 2022"]
[Source "ChessBase"]
[SourceDate "2021.10.06"]
[SourceVersion "1"]
[SourceVersionDate "2021.10.06"]
[SourceQuality "1"]

1. d4 Nf6 2. c4 e5 3. dxe5 Ng4 4. Bf4 Nc6 5. Nf3 Bb4+ 6. Nc3 Qe7 7. Rc1 Ngxe5 8. Nxe5 Nxe5 9. a3 Bxc3+ 10. Rxc3 0-0 11. c5 Re8 12. Bxe5 1-0

[Event "Lueneburg NSV rapid op"]
[Site "Lueneburg"]
[Date "2018.07.14"]
[Round "7"]
[White "Wachinger, Nikolas"]
[Black "Schoengart, Ralf"]
[Result "1-0"]
[WhiteElo "2340"]
[BlackElo "2126"]
[PlyCount "52"]
[EventDate "2018.07.14"]
[EventType "swiss (rapid)"]
[EventRounds "9"]
[EventCountry "GER"]
[SourceTitle "CBM 185 Extra"]
[Source "ChessBase"]
[SourceDate "2018.07.29"]
[SourceVersion "1"]
[SourceVersionDate "2018.07.29"]
[SourceQuality "1"]

1. e4 c6 2. d4 d5 3. exd5 cxd5 4. Bd3 Nc6 5. c3 Nf6 6. Bf4 e6 7. Nd2 Bd6 8. Bg3 0-0 9. Ngf3 h6 10. Qe2 Qc7 11. 0-0 Bxg3 12. hxg3 Re8 13. Rfe1 a6 14. a4 Bd7 15. Qe3 Ng4 16. Qf4 Qxf4 17. gxf4 Rac8 18. a5 Na7 19. Nb3 Bb5 20. Bc2 Rc7 21. Nc5 Nc8 22. f5 e5 23. b4 e4 24. Nd2 Nd6 25. f3 Nf6 26. fxe4 dxe4 1-0

[Event "Lueneburg distr-ch Meister"]
[Site "Tostedt"]
[Date "2015.10.24"]
[Round "5.6"]
[White "Schoengart, Ralf"]
[Black "Von Estorff, Jacob"]
[Result "1-0"]
[WhiteElo "2088"]
[BlackElo "1838"]
[PlyCount "45"]
[EventDate "2015.10.22"]
[EventType "swiss"]
[EventRounds "7"]
[EventCountry "GER"]
[SourceTitle "EXT 2019"]
[Source "ChessBase"]
[SourceDate "2018.10.10"]
[SourceVersion "1"]
[SourceVersionDate "2018.10.10"]
[SourceQuality "1"]

1. d4 Nf6 2. c4 e6 3. Nc3 Bb4 4. Qc2 b6 5. Nf3 Bb7 6. e3 0-0 7. Bd3 d6 8. e4 h6 9. 0-0 Nbd7 10. Ne2 d5 11. cxd5 exd5 12. e5 Ne4 13. Nf4 Ng5 14. Nxg5 hxg5 15. Ne2 Be7 16. f4 c5 17. Bh7+ Kh8 18. Qf5 Bc8 19. Qh3 gxf4 20. Bf5+ Bh4 21. Rxf4 g5 22. Rg4 Nxe5 23. Bxg5 1-0

[Event "Lueneburg distr-ch Meister"]
[Site "Tostedt"]
[Date "2015.10.22"]
[Round "1.4"]
[White "Schoengart, Ralf"]
[Black "Askerov, Imamali"]
[Result "0-1"]
[WhiteElo "2088"]
[BlackElo "1836"]
[PlyCount "70"]
[EventDate "2015.10.22"]
[EventType "swiss"]
[EventRounds "7"]
[EventCountry "GER"]
[SourceTitle "EXT 2019"]
[Source "ChessBase"]
[SourceDate "2018.10.10"]
[SourceVersion "1"]
[SourceVersionDate "2018.10.10"]
[SourceQuality "1"]

1. d4 Nf6 2. c4 e6 3. Nc3 Bb4 4. Qc2 b6 5. e4 Bxc3+ 6. bxc3 d6 7. Bd3 h6 8. Nf3 0-0 9. 0-0 Bb7 10. h3 Nbd7 11. Re1 e5 12. Ba3 Re8 13. Rad1 Nh5 14. Bc1 Qf6 15. Qa4 Nf8 16. c5 Ng6 17. cxd6 cxd6 18. Qd7 Re7 19. Qg4 Nhf4 20. dxe5 dxe5 21. Bf1 Rc7 22. Bb2 Bc8 23. Qg3 Nh5 24. Qh2 Nhf4 25. Re3 Be6 26. a3 Re8 27. Ne1 Rd8 28. Rc1 Bc4 29. Bxc4 Rxc4 30. g3 Ne6 31. Qg2 Nc5 32. f3 Qg5 33. Qf2 Nf4 34. Kh2 Nfd3 35. Qe2 Nxb2 0-1

[Event "Hamburg St Pauli op-A"]
[Site "Hamburg"]
[Date "2013.07.10"]
[Round "6"]
[White "Schoengart, Ralf"]
[Black "Tscherepanov, Leon"]
[Result "1-0"]
[WhiteElo "2075"]
[BlackElo "1868"]
[PlyCount "37"]
[EventDate "2013.07.06"]
[EventType "swiss"]
[EventRounds "9"]
[EventCountry "GER"]
[SourceTitle "CBM 155 Extra"]
[Source "ChessBase"]
[SourceDate "2013.08.26"]
[SourceVersion "1"]
[SourceVersionDate "2013.08.26"]
[SourceQuality "1"]

1. d4 e6 2. Nf3 Nf6 3. e3 d5 4. Bd3 c5 5. b3 Nc6 6. c3 Bd7 7. 0-0 cxd4 8. exd4 Bd6 9. Re1 h6 10. Ne5 0-0 11. Nd2 Qc7 12. Ndf3 Ne4 13. Nxd7 Nxc3 14. Nf6+ gxf6 15. Qd2 f5 16. Qxh6 Nxd4 17. Nxd4 Be5 18. Nxe6 fxe6 19. Qxe6+ 1-0

[Event "Hamburg St Pauli op-A"]
[Site "Hamburg"]
[Date "2013.07.08"]
[Round "3"]
[White "Meissner, Felix"]
[Black "Schoengart, Ralf"]
[Result "1-0"]
[WhiteElo "2285"]
[BlackElo "2075"]
[PlyCount "120"]
[EventDate "2013.07.06"]
[EventType "swiss"]
[EventRounds "9"]
[EventCountry "GER"]
[SourceTitle "CBM 155 Extra"]
[Source "ChessBase"]
[SourceDate "2013.08.26"]
[SourceVersion "1"]
[SourceVersionDate "2013.08.26"]
[SourceQuality "1"]

1. e4 d5 2. exd5 Nf6 3. Nf3 Nxd5 4. d4 c6 5. c4 Nf6 6. Nc3 Bg4 7. Be2 e6 8. h3 Bh5 9. 0-0 Qc7 10. Bg5 Be7 11. Qd2 0-0 12. Rfe1 Nbd7 13. a3 Rad8 14. Qe3 Rfe8 15. Rad1 Nf8 16. Bf4 Bd6 17. Bxd6 Qxd6 18. b4 h6 19. Ne5 Bxe2 20. Rxe2 Qc7 21. Rd3 N6d7 22. Red2 a5 23. c5 axb4 24. axb4 Ra8 25. Nc4 Nf6 26. Nd6 Red8 27. Qg3 Ng6 28. Rd1 Nh5 29. Qf3 Nf6 30. b5 Rxd6 31. cxd6 Qxd6 32. bxc6 bxc6 33. Ne4 Nxe4 34. Qxe4 Nf4 35. Rf3 Ng6 36. Rc1 Ra4 37. Qxc6 Qxc6 38. Rxc6 Ne7 39. Rc7 Kf8 40. Rb3 Ra8 41. Rbb7 Re8 42. Rd7 h5 43. g3 g6 44. Kg2 f6 45. Kf3 g5 46. Ke4 Kf7 47. Kd3 f5 48. Rb6 h4 49. gxh4 gxh4 50. Ke3 Ra8 51. Rbb7 Re8 52. Kf4 Kf6 53. Rxe7 Rxe7 54. Rxe7 Kxe7 55. Ke5 Kf7 56. f4 Ke7 57. d5 exd5 58. Kxd5 Kf6 59. Kd6 Kf7 60. Ke5 Kg6 1-0

[Event "Dresden ZMD op"]
[Site "Dresden"]
[Date "2009.08.01"]
[Round "8"]
[White "Schoengart, Ralf"]
[Black "Mundorf, Johannes"]
[Result "1-0"]
[WhiteElo "2070"]
[BlackElo "1796"]
[PlyCount "65"]
[EventDate "2009.07.25"]
[EventType "swiss"]
[EventRounds "9"]
[EventCountry "GER"]
[SourceTitle "CBM 131 Extra"]
[Source "ChessBase"]
[SourceDate "2009.09.03"]
[SourceVersion "2"]
[SourceVersionDate "2009.09.16"]
[SourceQuality "1"]

1. d4 d5 2. c4 e6 3. Nc3 Nf6 4. Bg5 Nbd7 5. e3 Be7 6. Nf3 0-0 7. a3 dxc4 8. Bxc4 c5 9. 0-0 a6 10. Rc1 b5 11. Ba2 cxd4 12. Nxd4 Bb7 13. Qc2 Rc8 14. Rfd1 Qb6 15. Nf3 Rfe8 16. Qe2 Rc5 17. e4 Ng4 18. Bf4 e5 19. Bg3 Qc7 20. h3 Ngf6 21. Qe3 Nh5 22. b4 Rc6 23. Rxd7 Qxd7 24. Nxe5 Qc8 25. Bxf7+ Kh8 26. Bxe8 Qxe8 27. Nxc6 Bxc6 28. Nd5 Bd8 29. Qc5 Bxd5 30. Qxd5 Nxg3 31. fxg3 Bb6+ 32. Kh2 Bf2 33. Qf5 1-0

[Event "Dresden ZMD op"]
[Site "Dresden"]
[Date "2009.07.31"]
[Round "7"]
[White "Genova, Liubka"]
[Black "Schoengart, Ralf"]
[Result "1-0"]
[WhiteElo "2209"]
[BlackElo "2070"]
[PlyCount "79"]
[EventDate "2009.07.25"]
[EventType "swiss"]
[EventRounds "9"]
[EventCountry "GER"]
[SourceTitle "CBM 131 Extra"]
[Source "ChessBase"]
[SourceDate "2009.09.03"]
[SourceVersion "2"]
[SourceVersionDate "2009.09.16"]
[SourceQuality "1"]

1. b3 Nf6 2. Bb2 d5 3. e3 c6 4. Be2 Bf5 5. f4 e6 6. Nf3 Nbd7 7. 0-0 Be7 8. d3 h6 9. a4 0-0 10. h3 Qb6 11. Qd2 Bc5 12. Nd4 a5 13. Qe1 Bh7 14. Qg3 Kh8 15. Nd2 Bd6 16. N2f3 Bc7 17. Ba3 c5 18. Nb5 Bd8 19. Qf2 Be7 20. c4 Rad8 21. Rad1 Nb8 22. g4 Nfd7 23. g5 Nc6 24. Bb2 f6 25. Qh4 fxg5 26. fxg5 Rf5 27. Bxg7+ Kxg7 28. Qxh6+ Kg8 29. g6 Nf8 30. gxh7+ Kh8 31. Kh1 Rf6 32. Qh5 Rf5 33. Qg4 Nxh7 34. Rg1 Bf6 35. Rdf1 Ne7 36. h4 Qc6 37. Kh2 Qe8 38. e4 Rh5 39. e5 Bg5 40. Nxg5 1-0

[Event "Dresden ZMD op"]
[Site "Dresden"]
[Date "2009.07.28"]
[Round "4"]
[White "Schoengart, Ralf"]
[Black "Gauer, Jacques"]
[Result "1-0"]
[WhiteElo "2070"]
[BlackElo "1966"]
[PlyCount "73"]
[EventDate "2009.07.25"]
[EventType "swiss"]
[EventRounds "9"]
[EventCountry "GER"]
[SourceTitle "CBM 131 Extra"]
[Source "ChessBase"]
[SourceDate "2009.09.03"]
[SourceVersion "2"]
[SourceVersionDate "2009.09.16"]
[SourceQuality "1"]

1. d4 Nf6 2. c4 g6 3. Nc3 d5 4. Bf4 Bg7 5. e3 0-0 6. cxd5 Nxd5 7. Nxd5 Qxd5 8. Bxc7 Na6 9. Bg3 Bf5 10. a3 Rfd8 11. Ne2 e5 12. Nc3 Qa5 13. d5 e4 14. Rc1 Rxd5 15. Qc2 Rad8 16. Bc4 Bxc3+ 17. bxc3 Rd2 18. Qb1 Qxa3 19. 0-0 Nc5 20. Bh4 R8d7 21. Qb5 a6 22. Qb6 Na4 23. Qa7 b5 24. Qa8+ Kg7 25. Qxa6 bxc4 26. Bf6+ Kh6 27. h4 Qb3 28. Qa8 Rd1 29. g4 Bxg4 30. Qxe4 Kh5 31. Qe5+ Bf5 32. Qf4 Rxf1+ 33. Rxf1 h6 34. Bg7 Rd8 35. Qxh6+ Kg4 36. Qf4+ Kh5 37. Qg5# 1-0

[Event "Lueneburg distr-ch Meisterturnier"]
[Site "Buchholz in der Nordheide"]
[Date "2007.10.30"]
[Round "5"]
[White "Schoengart, Ralf"]
[Black "Jordan, Juergen"]
[Result "1/2-1/2"]
[WhiteElo "2124"]
[BlackElo "2141"]
[PlyCount "82"]
[EventDate "2007.10.27"]
[EventType "tourn"]
[EventRounds "9"]
[EventCountry "GER"]
[SourceTitle "EXT 2015"]
[Source "ChessBase"]
[SourceDate "2014.11.20"]
[SourceVersion "1"]
[SourceVersionDate "2014.11.20"]
[SourceQuality "1"]

1. c4 e6 2. Nc3 Nf6 3. g3 c5 4. Bg2 Nc6 5. e3 Be7 6. Nge2 0-0 7. 0-0 d6 8. b3 a6 9. Bb2 Qc7 10. d4 Rb8 11. dxc5 dxc5 12. Nf4 Ne5 13. Ne4 b6 14. Qc2 Bb7 15. Ng5 Bxg2 16. Nxg2 h6 17. f4 Ned7 18. Nf3 Qc6 19. Rad1 Rbd8 20. h3 Qe4 21. Qc3 Nh5 22. Qe1 Nb8 23. Kh2 Nc6 24. g4 Rxd1 25. Qxd1 Rd8 26. Qe2 Nf6 27. g5 hxg5 28. Nxg5 Qd3 29. Qf3 Nb4 30. Rf2 Qd1 31. Qb7 Nd3 32. Bxf6 Bxf6 33. Qxf7+ Kh8 34. Rf3 Ne1 35. Qh5+ Kg8 36. Qh7+ Kf8 37. Nxe6+ Ke7 38. Rf1 Rd2 39. Rxe1 Qxe1 40. Qe4 Rxg2+ 41. Kxg2 Qe2+ 1/2-1/2

[Event "Harburg-chB 5th"]
[Site "Hamburg"]
[Date "2007.07.08"]
[Round "4"]
[White "Schoengart, Ralf"]
[Black "Schiele, Lars"]
[Result "1-0"]
[WhiteElo "2128"]
[BlackElo "1958"]
[PlyCount "83"]
[EventDate "2007.07.06"]
[EventType "tourn"]
[EventRounds "5"]
[EventCountry "GER"]
[SourceTitle "EXT 2008"]
[Source "ChessBase"]
[SourceDate "2007.11.25"]
[SourceVersion "1"]
[SourceVersionDate "2007.11.25"]
[SourceQuality "1"]

1. d4 c5 2. e3 Nf6 3. Nf3 g6 4. Be2 Bg7 5. 0-0 0-0 6. Nc3 Qc7 7. Nb5 Qb6 8. a4 Nc6 9. a5 Nxa5 10. dxc5 Qd8 11. Bd2 Nc6 12. Bc3 b6 13. Nfd4 Bb7 14. Nxc6 dxc6 15. Qxd8 Rfxd8 16. Nxa7 bxc5 17. Bf3 Nd5 18. Bxg7 Kxg7 19. c3 Kf8 20. h4 Ke8 21. Ra5 Kd7 22. Rfa1 Kc7 23. Rxc5 Kb6 24. Rca5 Nc7 25. c4 Na6 26. Nxc6 Bxc6 27. Bxc6 Kxc6 28. Rxa6+ Rxa6 29. Rxa6+ Kc5 30. Ra7 Rd1+ 31. Kh2 Kd6 32. b4 h5 33. c5+ Ke6 34. b5 Rb1 35. b6 Rb4 36. Kg3 f6 37. Rc7 g5 38. b7 Kf5 39. Rxe7 gxh4+ 40. Kh3 Kg5 41. c6 Rb1 42. Kh2 1-0

[Event "Dresden ZMD op"]
[Site "Dresden"]
[Date "2006.08.13"]
[Round "9"]
[White "Turikov, Viktor"]
[Black "Schoengart, Ralf"]
[Result "1-0"]
[WhiteElo "2345"]
[BlackElo "2107"]
[PlyCount "45"]
[EventDate "2006.08.05"]
[EventType "swiss"]
[EventRounds "9"]
[EventCountry "GER"]
[SourceTitle "CBM 113 Extra"]
[Source "ChessBase"]
[SourceDate "2006.09.14"]
[SourceVersion "1"]
[SourceVersionDate "2006.09.14"]
[SourceQuality "1"]

1. d4 Nf6 2. Nf3 d5 3. c4 c6 4. e3 e6 5. Nbd2 Be7 6. Bd3 0-0 7. 0-0 Nbd7 8. b3 Re8 9. Bb2 Nf8 10. Ne5 Ng6 11. f4 c5 12. Qc2 Qb6 13. Ndf3 Bd7 14. Ng5 Rf8 15. Rf3 cxd4 16. exd4 dxc4 17. bxc4 Be8 18. Rb1 Nh5 19. Nxh7 Nhxf4 20. Bxg6 Nxg6 21. Nxg6 fxg6 22. Nxf8 Bxf8 23. Rxf8+ 1-0

[Event "Hamburg Junge op"]
[Site "Hamburg"]
[Date "2005.10.03"]
[Round "3"]
[White "Schoengart, Ralf"]
[Black "Adloff, Ralf"]
[Result "1-0"]
[WhiteElo "2100"]
[BlackElo "1954"]
[PlyCount "55"]
[EventDate "2005.10.01"]
[EventType "swiss"]
[EventRounds "9"]
[EventCountry "GER"]
[SourceTitle "CBM 108 Extra"]
[Source "ChessBase"]
[SourceDate "2005.11.04"]
[SourceVersion "1"]
[SourceVersionDate "2005.11.04"]
[SourceQuality "1"]

1. d4 Nc6 2. Nf3 d5 3. Bf4 Bg4 4. Nbd2 e6 5. c3 Bd6 6. Ne5 Bxe5 7. dxe5 Nge7 8. h3 Bh5 9. Qa4 0-0 10. g4 Bg6 11. h4 f6 12. exf6 Rxf6 13. Bg5 Rf8 14. h5 Be8 15. Bg2 Qd6 16. Qb3 Ne5 17. Bf3 N7c6 18. 0-0-0 Qc5 19. Be3 Qa5 20. g5 b5 21. Rh4 Nc4 22. Bc5 Bd7 23. Bxf8 Rxf8 24. Nxc4 bxc4 25. Qa3 Qb6 26. h6 g6 27. Rxd5 Rf7 28. Rc5 1-0

[Event "Rostock  PSV op 05th"]
[Site "Rostock"]
[Date "2005.08.26"]
[Round "3"]
[White "Hoffmann, Hendrik"]
[Black "Schoengart, Ralf"]
[Result "1-0"]
[WhiteElo "2284"]
[BlackElo "2112"]
[PlyCount "65"]
[EventDate "2005.08.25"]
[EventType "swiss"]
[EventRounds "7"]
[EventCountry "GER"]
[SourceTitle "EXT 2007"]
[Source "ChessBase"]
[SourceDate "2006.11.23"]
[SourceVersion "1"]
[SourceVersionDate "2006.11.23"]
[SourceQuality "1"]

1. e4 c6 2. d4 d5 3. exd5 cxd5 4. c4 Nf6 5. Nc3 e6 6. Nf3 Be7 7. cxd5 Nxd5 8. Bd3 Nc6 9. 0-0 Bf6 10. Re1 0-0 11. Be4 h6 12. a3 Nce7 13. Nxd5 exd5 14. Bc2 Bg4 15. Bf4 Rc8 16. Bb3 Re8 17. Be5 Nc6 18. h3 Bxf3 19. Qxf3 Bxe5 20. dxe5 Nd4 21. Qxd5 Qxd5 22. Bxd5 Nc2 23. e6 fxe6 24. Rxe6 Kh8 25. Rxe8+ Rxe8 26. Rc1 Nd4 27. Rc7 Re1+ 28. Kh2 Re2 29. Rxb7 Rxf2 30. Rb8+ Kh7 31. Be4+ g6 32. Rb7+ Kh8 33. Bxg6 1-0